| 000 | | | 03852nmc2a22002533x 450 |
| 001 | | | a943f0b9-233a-460d-ba70-69d741b742ee |
| 005 | | | 20211220212645.0 |
| 100 | ## | $a | 20211122l18571863k y0rusy50 ca |
| 101 | 0# | $a | rus |
| 102 | ## | $a | RU |
| 105 | ## | $a | a z ||||| |
| 122 | 2# | $a | d18571231 |
| | $a | d18631231 |
| 200 | 1# | $a | Газеты и журналы за 1857-1863 г. и разрозненные листки прибавлений к журналу "Калужские губернские ведомости" |
| | $j | 1857-1863 |
| 215 | ## | $a | 172 листа |
| | $c | табл. |
| 251 | ## | $c | Дело |
| 300 | ## | $a | Листы: 1-172 - печатные издания (ведомости, газеты, журналы) |
| 300 | ## | $a | Напечатано типографским способом |
| 330 | ## | $a | Входит в раздел описи: Печатные материалы |
| 461 | #0 | $1 | 001702d5e87-6901-4c63-8165-d848da7b6444 |
| | $1 | 2001 |
| | $a | Арцимович Виктор Антонович, сенатор, Тобольский (1854-1858 гг.) и Калужский (1858-1862 гг.) губернатор, вице-председатель государственного совета Царства Польского (С 1863 г.) |
| | $1 | 251 |
| | $c | Фонд |
| | $1 | 852 |
| | $j | 815 |
| 462 | #0 | $1 | 001559b76c2-49f1-4f4f-bd3c-238599c7510c |
| | $1 | 2001 |
| | $a | Дела постоянного хранения. 1821-1891 |
| | $v | Д. 506 |
| | $1 | 251 |
| | $c | Опись |
| | $1 | 852 |
| | $j | 1 |
| 600 | #1 | $a | Арцимович |
| | $b | В. А. |
| | $g | Виктор Антонович |
| 801 | #0 | $a | RU |
| | $b | GA_RF |
| 801 | #1 | $a | RU |
| | $b | ГлавНИВЦ |
| | $c | 20211122 |
| | $2 | rusmarc |
| 801 | #2 | $a | RU |
| | $b | ПБ им. Б.Н. Ельцина |
| | $c | 20211220 |
| | $g | RCR |
| | $2 | rusmarc |
| 852 | ## | $a | ГА РФ |
| | $j | 506 |
| 937 | ## | $d | 171872943 |
| | $h | ГАРФ |
| 035 | ## | $a | RuPRLIB51063019 |
| 856 | ## | $u | http://readingroom.main.prlib.ru/item.aspx?id_node=n171872943&mode=full |